000 00661nam a2200229 i 4500
001 C2-0133800
003 PPAK
005 20180727123622.0
008 971203s1983 mau |||| ||||| | eng d
020 _a0395340284
040 _aPPAK
_beng
_cPPAK
_erda
082 0 4 _a428.1
_223
090 0 0 _a428.1
_bWOR
_dR
245 0 4 _aThe world book II :
_bbased on the American heritage dictionary
264 1 _aBoston, Massachusetts :
_bHoughton Miffin Company ,
_c1983
300 _avii, 368 pages ;
_c15 cm
336 _2rdacontent
_atext
337 _2rdamedia
_aunmediated
338 _2rdacarrier
_avolume
700 1 _aEllis, Kaethe,
_ecompile
942 _ddc
_cB
999 _c42235
_d42235